000 00546cam a2200193 4500500
005 20260405000403.0
041 _afre
042 _adc
100 1 0 _aDroit, Roger-Pol
_eauthor
245 0 0 _aLe chirurgien de l’âme
260 _c2007.
500 _a45
690 _aÂme
690 _aBouddha
690 _aEsprit
690 _aVérité
786 0 _nPhilosophie magazine | 7 | 3 | 2007-03-01 | p. 29-29 | 1951-1787
856 4 1 _uhttps://shs.cairn.info/magazine-philosophie-magazine-2007-3-page-29?lang=fr&redirect-ssocas=7080
999 _c2036635
_d2036635